التحدي : (Record no. 25006)
[ view plain ]
| 000 -الفاتح | |
|---|---|
| حقل البيانات ثابتة الطول | 01000nam a22002777a 4500 |
| 003 - محدد رقم الضبط | |
| رقم الضبط | OSt |
| 005 - وقت وتاريخ اخر تعامل مع التسجيلة | |
| رقم الضبط | 20170731134647.0 |
| 008 - عناصر البيانات ثابتة الطول - معلومات عامة | |
| حقل البيانات ثابتة الطول | 170709s2015 ua gr f000 0 ara d |
| 017 ## - رقم الإيداع القانونى | |
| رقم الإيداع القانونى | 2015 / 22853 |
| 020 ## - الرقم الدولى المعيارى للكتب | |
| الرقم الدولى المعيارى للكتاب | 9789779105567 |
| 040 ## - مصدر الفهرسة | |
| وكالة الفهرسة الأصلية | EG-ScBUE |
| لغة الفهرسة | ara |
| وكالة النسخ | EG-ScBUE |
| 043 ## - رمز المنطقة الجغرافية | |
| رمز المنطقة الجغرافية | f-ua--- |
| 082 04 - رقم تصنيف ديوى العشرى | |
| رقم الطبعة | 22 |
| رقم التصنيف | 306.0962 |
| رقم المادة | س ر ا |
| 100 1# - المدخل الرئيسى - إسم شخصى | |
| الإسم الشخصى | سراج الدين، إسماعيل |
| التواريخ المصاحبة للاسم | 1944 - |
| 245 12 - بيان العنوان | |
| العنوان | التحدي : |
| بقية العنوان | رؤية ثقافية لمجابهة التطرف والعنف / |
| بيان المسئوليه,etc | بقلم إسماعيل سراج الدين. |
| 260 ## - PUBLICATION, DISTRIBUTION, ETC. (IMPRINT) | |
| مكان الناشر او الموزع | القاهرة : |
| اسم الناشر او الموزع | الهيئة المصرية العامة للكتاب، |
| تاريخ النشر أو التوزيع | 2015. |
| 300 ## - الوصف المادى | |
| التعداد | 314 ص. ؛ |
| أبعاد الوعاء | 24 سم. |
| 500 ## - تبصرة عامة | |
| تبصرة عامة | يشتمل على ملاحق. |
| 541 ## - تبصرة المصدر المباشر للتزويد | |
| مصدر التزويد | إهداء من د. محمد شومان. |
| 590 ## - تبصرة محلية(RLIN) | |
| تبصرة محلية | علياء عادل |
| 650 #7 - المدخل الاضافى بالموضوع-مصطلح موضوعى | |
| مصدر الرأس أو المصطلح | BUEsh |
| مصطلح موضوعي أو اسم جغرافي كعنصر مدخل | التغيير الثقافي |
| التقسيم الفرعي الجغرافي | مصر. |
| 650 #7 - المدخل الاضافى بالموضوع-مصطلح موضوعى | |
| مصطلح موضوعي أو اسم جغرافي كعنصر مدخل | التطرف الديني |
| التقسيم الفرعي الجغرافي | مصر. |
| 653 ## - مصطلح تكشيفى غير مقيد | |
| Resource For college | Generalities |
| Arrived date list | July2017 |
| 655 ## - مصطلح تكشيفى-نوع/شكل | |
| التقسيم الفرعي الشكلي | Reading book |
| -- | 34232 |
| 942 ## - عناصر المدخل الإضافي( كوها) | |
| مصدر التصنيف او مخطط الترفيف | Dewey Decimal Classification |
| حالة التراجع | حالة الفقد | مصدر التصنيف او خطة الترفيف | حالة تلف | ليس للاعارة | المكان الدائم | المكان الحالي | موقع الترفيف | تاريخ الاكتساب | Source of acquisition | رقم الاستدعاء | الباركود | Date last seen | تبصرة غير عامة( المفوع للعناصر المفقوده) | نوع الوعاء |
|---|---|---|---|---|---|---|---|---|---|---|---|---|---|---|
| Dewey Decimal Classification | Central Library | Central Library | First floor | 09/07/2017 | Donation | 301.21 س ر ا | 000046158 | 15/07/2025 | إهداء من د. محمد شومان | Book - Borrowing | ||||
| Dewey Decimal Classification | Central Library | Central Library | First floor | 09/07/2017 | Donation | 301.21 س ر ا | 000046159 | 15/07/2025 | إهداء من د. محمد شومان | Book - Borrowing |